header

The new cultures of food (Record no. 69800)

MARC details
000 -LEADER
fixed length control field 01461nam a2200361Ia 4500
245 04 - TITLE STATEMENT
Title The new cultures of food
260 ## - PUBLICATION, DISTRIBUTION, ETC. (IMPRINT)
Place of publication Surrey, England ;
-- Burlington, VT :
Name of publisher Gower Pub. Co.,
Year of publication c2009.
300 ## - PHYSICAL DESCRIPTION
Number of Pages xxi, 319 p. :
Other physical details ill.
490 1# - SERIES STATEMENT
Series statement Food and agricultural marketing series
650 #0 - SUBJECT ADDED ENTRY--TOPICAL TERM
Topical Term Ethnic food industry.
Topical Term Food
Topical Term Food preferences.
Topical Term Minority consumers.
700 1# - ADDED ENTRY--PERSONAL NAME
Personal name Lindgreen, Adam.
Personal name Hingley, Martin K.
856 40 - ELECTRONIC LOCATION AND ACCESS
Uniform Resource Identifier http://site.ebrary.com/lib/rucke/Doc?id=10303017

No items available.

© 2026 Rongo University
Contact us: librarian | system librarian | Rongo university